Stati per superficie - Statistics

Statistiche generali
  • Questo quiz è stato fatto 56 volte
  • Il punteggio medio è 17 su 20
Statistiche sulle risposte
Superficie (km²) Continente Stato % Corretto
2 780 272 America del Sud Argentina
100%
9 984 673 America del Nord Canada
100%
17 125 306 Asia / Europa Russia
100%
9 834 000 America del Nord Stati Uniti
100%
7 703 429 Oceania Australia
98%
8 547 393 America del Sud Brasile
98%
9 597 000 Asia Cina
96%
3 287 263 Asia India
96%
1 972 565 America del Nord Messico
92%
2 381 741 Africa Algeria
88%
1 919 440 Asia / Oceania Indonesia
86%
2 724 921 Asia / Europa Kazakistan
84%
1 759 540 Africa Libia
82%
1 564 116 Asia Mongolia
82%
1 648 000 Asia Iran
80%
2 149 690 Asia Arabia Saudita
78%
1 886 068 Africa Sudan
78%
1 285 220 America del Sud Perù
76%
1 284 000 Africa Ciad
67%
2 345 415 Africa Repubblica Democratica del Congo
67%
Nessun quiz corrispondente trovato
Distribuzione punteggi
Percentuale di utenti per punteggio
Percentile per numero di risposta
I tuoi punteggi nel tempo
Non hai fatto questo quiz